000 01300nam a2200229Ia 4500
001 15573
003 GE_BSU
008 181216s||||||||xx |||||||||||||| ||und||
040 _cGE_BSU
080 _a821.353.1+ 821.353.1-11 + 821.353.1-13
100 _aწერეთელი, ა.
245 _aრჩეული ნაწარმოებები 5 ტომად. ტ. 2
245 _bპოემები, დრამატული ნაწერები ლექსად.
245 _cშემდგ.-რედ.: გურამ გვერდწითელი, ემზარ კვიტაიშვილი. რედ.დ.კემულარია. მხატვ. დ. დუნდუა
260 _aთბილისი
260 _bსაბჭ. საქართველო
260 _c1989
300 _a480გვ.20სმ.
653 _aბაგრატ დიდი; თორნიკე ერისთავი; კიკოლას ნაამბობი; ორი ქართველი; ნაცარქექია
653 _aნათელა; გამზრდელი; გორგასლანი; ალექსი; თამარ ცბიერი; პატარა კახი; მედეა
942 _cBK
999 _c48673
_d48673